[Event "26th Abu Dhabi Master 2019"]
[Site "Abu Dhabi"]
[Date "2019.08.04"]
[Round "4.18"]
[White "Vaibhav, Suri"]
[Black "Krishna C R G"]
[Result "1-0"]
[WhiteElo "2591"]
[BlackElo "2463"]
[Annotator "ChessBase"]
[PlyCount "87"]
[EventDate "2019.08.02"]
[EventType "swiss"]
[EventCountry "UAE"]
[SourceTitle "playchess.com"]
[Source "ChessBase"]
[SourceQuality "1"]
[TimeControl "5400+30"]

1. e4 {[%emt 0:00:00]} e6 {[%emt 0:00:00]} 2. d4 {[%emt 0:00:08]} d5 {[%emt 0:00:00]} 3. Nc3 {[%emt 0:00:03]} Bb4 {[%emt 0:00:00]} 4. e5 {[%emt 0:00:06]} c5 {[%emt 0:00:00]} 5. a3 {[%emt 0:00:06]} Bxc3+ {[%emt 0:00:05]} 6. bxc3 {[%emt 0:00:04]} Qa5 {[%emt 0:00:07]} 7. Bd2 {[%emt 0:00:06]} Qa4 {[%emt 0:00:05]} 8. Qg4 {[%emt 0:00:29]} Kf8 {[%emt 0:00:06]} 9. h4 {[%emt 0:00:06]} Nc6 {[%emt 0:15:17]} 10. h5 {[%emt 0:00:09]} h6 {[%emt 0:03:47]} 11. Qf4 {[%emt 0:00:22]} Qxc2 {[%emt 0:07:06]} 12. dxc5 {[%emt 0:09:35]} Qe4+ {[%emt 0:07:51]} 13. Qxe4 {[%emt 0:11:47]} dxe4 {[%emt 0:00:02]} 14. Bf4 {[%emt 0:17:05]} Nge7 {[%emt 0:03:15]} 15. Ne2 {[%emt 0:09:31]} b6 {[%emt 0:20:09]} 16. c4 {[%emt 0:04:45]} Na5 {[%emt 0:10:39]} 17. Nc3 {[%emt 0:02:21]} Ba6 {[%emt 0:18:39]} 18. Nxe4 {[%emt 0:00:30]} Bxc4 {[%emt 0:00:30]} 19. Bxc4 {[%emt 0:00:30]} Nxc4 20. Rc1 b5 {[%emt 0:01:00]} 21. a4 {[%emt 0:25:35]} a6 {[%emt 0:04:14]} 22. axb5 {[%emt 0:02:54]} axb5 {[%emt 0:00:02]} 23. Nd6 {[%emt 0:00:11]} Nd5 {[%emt 0:00:24]} 24. Bg3 {[%emt 0:00:29]} Ke7 {[%emt 0:07:52]} 25. O-O {[%emt 0:02:03]} Ra4 {[%emt 0:00:45]} 26. c6 {[%emt 0:06:30]} Nc7 {[%emt 0:00:34]} 27. Nxc4 {[%emt 0:06:46]} bxc4 {[%emt 0:00:28]} 28. Rfd1 {[%emt 0:00:06]} Nd5 {[%emt 0:00:10]} 29. Rd4 {[%emt 0:01:41]} Rb8 {[%emt 0:00:51]} 30. Rdxc4 Rb1 {[%emt 0:00:26]} 31. Rxb1 {[%emt 0:01:00]} Rxc4 {[%emt 0:00:04]} 32. Rb7+ {[%emt 0:00:01]} Ke8 {[%emt 0:00:09]} 33. Rb8+ {[%emt 0:00:07]} Ke7 {[%emt 0:00:05]} 34. Rg8 {[%emt 0:00:07]} Rxc6 {[%emt 0:01:46]} 35. Bh4+ {[%emt 0:00:10]} Kd7 {[%emt 0:00:31]} 36. Rxg7 {[%emt 0:00:01]} Rc4 {[%emt 0:00:17]} 37. g3 {[%emt 0:02:00]} Re4 {[%emt 0:00:11]} 38. Bf6 {[%emt 0:00:39]} Nxf6 {[%emt 0:00:34]} 39. exf6 {[%emt 0:00:54]} e5 {[%emt 0:00:06]} 40. Rxf7+ {[%emt 0:00:13]} Ke6 {[%emt 0:00:01]} 41. Rf8 {[%emt 0:00:37]} Re1+ {[%emt 0:01:12]} 42. Kg2 {[%emt 0:00:01]} e4 {[%emt 0:00:05]} 43. g4 {[%emt 0:00:37]} Re2 {[%emt 0:01:15]} 44. Kg3 {[%emt 0:00:13]} 1-0

[Event "26th Abu Dhabi Master 2019"]
[Site "Abu Dhabi"]
[Date "2019.08.04"]
[Round "4.19"]
[White "Assaubayeva, Bibisara"]
[Black "Idani, Pouya"]
[Result "1/2-1/2"]
[WhiteElo "2375"]
[BlackElo "2595"]
[Annotator "ChessBase"]
[PlyCount "77"]
[EventDate "2019.08.02"]
[EventType "swiss"]
[EventCountry "UAE"]
[SourceTitle "playchess.com"]
[Source "ChessBase"]
[SourceQuality "1"]
[TimeControl "5400+30"]

1. Nf3 {[%emt 0:02:47]} c5 {[%emt 0:00:00]} 2. c4 {[%emt 0:00:52]} Nc6 {[%emt 0:00:08]} 3. d4 {[%emt 0:00:20]} cxd4 {[%emt 0:00:07]} 4. Nxd4 {[%emt 0:00:04]} g6 {[%emt 0:00:53]} 5. Nc2 {[%emt 0:04:08]} Bg7 {[%emt 0:01:12]} 6. e4 {[%emt 0:03:53]} d6 {[%emt 0:00:11]} 7. Be2 {[%emt 0:01:03]} Be6 {[%emt 0:02:51]} 8. O-O {[%emt 0:02:50]} Rc8 {[%emt 0:00:05]} 9. Ne3 {[%emt 0:05:40]} Nf6 {[%emt 0:02:58]} 10. f3 {[%emt 0:04:00]} O-O {[%emt 0:00:19]} 11. Nc3 {[%emt 0:03:14]} Nd7 {[%emt 0:12:21]} 12. Bd2 {[%emt 0:06:31]} Nd4 {[%emt 0:01:43]} 13. Kh1 {[%emt 0:04:47]} a6 {[%emt 0:02:46]} 14. a4 {[%emt 0:07:26]} Nc5 {[%emt 0:03:07]} 15. Ra3 {[%emt 0:01:47]} f5 {[%emt 0:14:12]} 16. b4 {[%emt 0:01:58]} Nd7 {[%emt 0:00:06]} 17. Ned5 {[%emt 0:05:19]} Bxd5 {[%emt 0:01:54]} 18. Nxd5 {[%emt 0:00:46]} e6 {[%emt 0:00:56]} 19. Nf4 {[%emt 0:03:02]} fxe4 {[%emt 0:04:05]} 20. fxe4 {[%emt 0:00:53]} Ne5 {[%emt 0:10:03]} 21. Bc3 {[%emt 0:04:43]} Nxe2 {[%emt 0:00:23]} 22. Qxe2 {[%emt 0:00:09]} Qe7 {[%emt 0:01:48]} 23. Rb3 {[%emt 0:16:10]} Nxc4 {[%emt 0:00:30]} 24. Bxg7 {[%emt 0:00:30]} Kxg7 {[%emt 0:00:30]} 25. Rbf3 {[%emt 0:00:30]} Ne5 {[%emt 0:00:30]} 26. R3f2 Rf7 27. Qa2 {[%emt 0:01:00]} Kg8 {[%emt 0:05:51]} 28. Kg1 {[%emt 0:01:16]} Re8 {[%emt 0:02:02]} 29. h3 {[%emt 0:01:18]} b5 {[%emt 0:04:24]} 30. axb5 {[%emt 0:00:35]} axb5 {[%emt 0:00:05]} 31. Kh1 {[%emt 0:05:26]} Qd7 32. Qb3 {[%emt 0:05:11]} Qe7 {[%emt 0:04:18]} 33. Kg1 {[%emt 0:00:30]} g5 {[%emt 0:07:30]} 34. Nd3 {[%emt 0:02:06]} Rxf2 {[%emt 0:00:11]} 35. Rxf2 {[%emt 0:00:20]} Qg7 {[%emt 0:01:55]} 36. Nxe5 {[%emt 0:00:53]} Qxe5 {[%emt 0:00:06]} 37. Qf3 {[%emt 0:00:05]} Qg7 {[%emt 0:01:43]} 38. Qd3 {[%emt 0:00:36]} Qe5 {[%emt 0:00:30]} 39. Qf3 {[%emt 0:00:06]} 1/2-1/2

[Event "26th Abu Dhabi Master 2019"]
[Site "Abu Dhabi"]
[Date "2019.08.04"]
[Round "4.20"]
[White "Yuffa, Daniil"]
[Black "Laxman, R.R."]
[Result "1-0"]
[WhiteElo "2582"]
[BlackElo "2429"]
[Annotator "ChessBase"]
[PlyCount "55"]
[EventDate "2019.08.02"]
[EventType "swiss"]
[EventCountry "UAE"]
[SourceTitle "playchess.com"]
[Source "ChessBase"]
[SourceQuality "1"]
[TimeControl "5400+30"]

1. d4 {[%emt 0:00:00]} Nf6 {[%emt 0:00:00]} 2. c4 {[%emt 0:00:00]} e6 {[%emt 0:00:00]} 3. Nf3 {[%emt 0:00:00]} b6 {[%emt 0:00:49]} 4. g3 {[%emt 0:00:00]} Bb7 {[%emt 0:00:42]} 5. Bg2 {[%emt 0:00:06]} g6 {[%emt 0:00:04]} 6. Nc3 {[%emt 0:11:17]} Ne4 {[%emt 0:00:57]} 7. d5 {[%emt 0:00:15]} Nxc3 {[%emt 0:00:46]} 8. Qd4 {[%emt 0:00:42]} f6 {[%emt 0:00:12]} 9. Qxc3 {[%emt 0:01:06]} exd5 {[%emt 0:02:41]} 10. cxd5 {[%emt 0:07:20]} Bxd5 {[%emt 0:01:12]} 11. Bf4 {[%emt 0:04:50]} Nc6 {[%emt 0:04:35]} 12. O-O-O {[%emt 0:00:28]} Be4 {[%emt 0:10:16]} 13. Bh3 {[%emt 0:15:51]} Nb4 {[%emt 0:01:04]} 14. Qb3 {[%emt 0:02:38]} d5 {[%emt 0:01:39]} 15. a3 {[%emt 0:01:04]} g5 {[%emt 0:02:37]} 16. Bd2 {[%emt 0:05:29]} Nc2 {[%emt 0:02:28]} 17. Bc3 {[%emt 0:11:49]} Bh6 {[%emt 0:09:07]} 18. Qa4+ {[%emt 0:04:19]} Kf7 {[%emt 0:00:12]} 19. Bg4 {[%emt 0:00:17]} b5 {[%emt 0:15:47]} 20. Qxb5 {[%emt 0:01:41]} Rb8 {[%emt 0:00:04]} 21. Qa4 {[%emt 0:00:43]} c5 22. Bh5+ Ke6 23. e3 {[%emt 0:20:50]} Na1 {[%emt 0:10:55]} 24. b4 {[%emt 0:01:45]} d4 {[%emt 0:02:25]} 25. Bxd4 {[%emt 0:05:17]} Bxf3 {[%emt 0:08:18]} 26. Bxa1 {[%emt 0:00:30]} Bxd1 {[%emt 0:00:30]} 27. Rxd1 {[%emt 0:00:30]} Qc7 {[%emt 0:00:30]} 28. Qa6+ {[%emt 0:00:30] Qd8} 1-0

[Event "26th Abu Dhabi Master 2019"]
[Site "Abu Dhabi"]
[Date "2019.08.04"]
[Round "4.21"]
[White "Praggnanandhaa R"]
[Black "Rakesh Kumar Jena"]
[Result "1-0"]
[WhiteElo "2540"]
[BlackElo "2395"]
[Annotator "ChessBase"]
[PlyCount "53"]
[EventDate "2019.08.02"]
[EventType "swiss"]
[EventCountry "UAE"]
[SourceTitle "playchess.com"]
[Source "ChessBase"]
[SourceQuality "1"]
[TimeControl "5400+30"]

1. e4 {[%emt 0:00:00]} c5 {[%emt 0:00:00]} 2. Nf3 {[%emt 0:00:00]} Nc6 {[%emt 0:00:00]} 3. d4 {[%emt 0:00:05]} cxd4 {[%emt 0:00:00]} 4. Nxd4 {[%emt 0:00:03]} Nf6 {[%emt 0:00:00]} 5. Nc3 {[%emt 0:00:03]} e5 {[%emt 0:00:00]} 6. Ndb5 {[%emt 0:00:05]} d6 {[%emt 0:00:06]} 7. Bg5 {[%emt 0:00:04]} a6 {[%emt 0:00:04]} 8. Na3 {[%emt 0:00:03]} b5 {[%emt 0:00:06]} 9. Bxf6 {[%emt 0:00:22]} gxf6 {[%emt 0:00:06]} 10. Nd5 {[%emt 0:00:04]} Bg7 {[%emt 0:00:07]} 11. Bd3 {[%emt 0:01:26]} Ne7 {[%emt 0:00:48]} 12. Nxe7 {[%emt 0:01:04]} Qxe7 {[%emt 0:00:02]} 13. c4 {[%emt 0:00:29]} f5 {[%emt 0:00:29]} 14. O-O {[%emt 0:01:08]} O-O {[%emt 0:00:42]} 15. Qh5 {[%emt 0:00:34]} Qb7 {[%emt 0:27:24]} 16. Rfe1 {[%emt 0:05:22]} d5 {[%emt 0:04:21]} 17. exf5 {[%emt 0:14:22]} e4 {[%emt 0:01:07]} 18. Bc2 {[%emt 0:02:08]} bxc4 {[%emt 0:57:57]} 19. Nxc4 {[%emt 0:04:06]} Qc6 {[%emt 0:00:05]} 20. Ne3 {[%emt 0:04:37]} Bb7 {[%emt 0:00:37]} 21. Bb3 Rad8 22. Ng4 {[%emt 0:22:30]} Rd6 {[%emt 0:06:10]} 23. Rac1 {[%emt 0:08:54]} Qb6 {[%emt 0:00:06]} 24. Re3 {[%emt 0:01:37]} Rfd8 {[%emt 0:00:26]} 25. Rg3 {[%emt 0:01:17]} Rf6 {[%emt 0:01:13]} 26. Qh4 {[%emt 0:03:02]} Rfd6 {[%emt 0:00:28]} 27. f6 {[%emt 0:00:33]} 1-0

[Event "26th Abu Dhabi Master 2019"]
[Site "Abu Dhabi"]
[Date "2019.08.04"]
[Round "4.22"]
[White "Aryan Chopra"]
[Black "Dimakiling, Oliver"]
[Result "1-0"]
[WhiteElo "2553"]
[BlackElo "2403"]
[Annotator "ChessBase"]
[PlyCount "117"]
[EventDate "2019.08.02"]
[EventType "swiss"]
[EventCountry "UAE"]
[SourceTitle "playchess.com"]
[Source "ChessBase"]
[SourceQuality "1"]
[TimeControl "5400+30"]

1. e4 {[%emt 0:00:00]} d5 {[%emt 0:04:43]} 2. exd5 {[%emt 0:00:00]} Qxd5 {[%emt 0:00:09]} 3. Nc3 {[%emt 0:00:00]} Qd8 {[%emt 0:00:06]} 4. d4 {[%emt 0:00:00]} Nf6 {[%emt 0:00:12]} 5. Nf3 {[%emt 0:00:03]} g6 {[%emt 0:00:09]} 6. Bf4 {[%emt 0:05:42]} a6 {[%emt 0:00:37]} 7. Bc4 {[%emt 0:05:47]} Bg7 {[%emt 0:00:31]} 8. Qe2 {[%emt 0:01:50]} O-O {[%emt 0:00:56]} 9. O-O-O {[%emt 0:00:13]} Bg4 {[%emt 0:03:36]} 10. h3 {[%emt 0:12:56]} Bxf3 {[%emt 0:00:09]} 11. Qxf3 {[%emt 0:00:03]} Nc6 {[%emt 0:02:37]} 12. Be5 {[%emt 0:10:14]} e6 {[%emt 0:04:04]} 13. Bf4 {[%emt 0:02:47]} Nxd4 {[%emt 0:05:05]} 14. Qxb7 {[%emt 0:00:42]} c5 {[%emt 0:00:06]} 15. Rhe1 {[%emt 0:05:31]} Nh5 {[%emt 0:04:44]} 16. Bh2 {[%emt 0:02:23]} Qh4 {[%emt 0:06:35]} 17. Qe4 {[%emt 0:05:48]} Qg5+ {[%emt 0:14:35]} 18. f4 {[%emt 0:09:07]} Qh4 {[%emt 0:02:56]} 19. Qe3 Nf5 {[%emt 0:21:48]} 20. Qf3 {[%emt 0:16:01]} g5 {[%emt 0:00:25]} 21. fxg5 {[%emt 0:08:38]} Qxg5+ {[%emt 0:05:27]} 22. Kb1 {[%emt 0:00:11]} Nd4 {[%emt 0:00:13]} 23. Qg4 {[%emt 0:01:35]} Qxg4 {[%emt 0:02:20]} 24. hxg4 {[%emt 0:00:01]} Nf6 {[%emt 0:00:14]} 25. g5 {[%emt 0:00:39]} Ng4 {[%emt 0:00:44]} 26. Bf4 {[%emt 0:01:51]} Rfd8 {[%emt 0:10:35]} 27. Ne4 {[%emt 0:00:55]} a5 {[%emt 0:06:26]} 28. c3 {[%emt 0:02:29]} Nf5 {[%emt 0:00:06]} 29. Rxd8+ {[%emt 0:01:54]} Rxd8 {[%emt 0:00:06]} 30. Bc7 {[%emt 0:01:52]} Ra8 {[%emt 0:01:15]} 31. Nxc5 {[%emt 0:01:28]} Nge3 {[%emt 0:00:13]} 32. Bb3 {[%emt 0:02:35]} Bf8 {[%emt 0:01:13]} 33. Ne4 {[%emt 0:00:20]} a4 {[%emt 0:00:10]} 34. Bd1 {[%emt 0:00:57]} a3 {[%emt 0:01:28]} 35. b4 {[%emt 0:01:48]} Rc8 {[%emt 0:01:19]} 36. Be5 {[%emt 0:00:23]} Nc4 {[%emt 0:00:18]} 37. Bf6 {[%emt 0:00:28]} Nfe3 {[%emt 0:00:46]} 38. Bf3 {[%emt 0:01:09]} Bg7 {[%emt 0:00:16]} 39. Nd6 {[%emt 0:00:32]} Bxf6 {[%emt 0:00:59]} 40. gxf6 {[%emt 0:00:28]} Nxd6 {[%emt 0:00:19]} 41. Rxe3 {[%emt 0:00:01]} Ne8 {[%emt 0:01:17]} 42. Kc2 {[%emt 0:00:06]} Nxf6 {[%emt 0:00:20]} 43. Kb3 {[%emt 0:00:05]} h5 {[%emt 0:00:38]} 44. Kxa3 {[%emt 0:00:11]} Kg7 {[%emt 0:00:23]} 45. Kb3 {[%emt 0:01:16]} Kg6 {[%emt 0:00:12]} 46. Re5 {[%emt 0:00:12]} Ng4 {[%emt 0:00:29]} 47. Bxg4 {[%emt 0:01:25]} hxg4 {[%emt 0:00:04]} 48. a4 {[%emt 0:00:06]} Kf6 {[%emt 0:00:21]} 49. Re1 {[%emt 0:00:33]} e5 {[%emt 0:00:04]} 50. a5 {[%emt 0:00:38]} Ke6 {[%emt 0:00:04]} 51. a6 {[%emt 0:00:20]} Ra8 {[%emt 0:00:37]} 52. b5 {[%emt 0:00:09]} f5 {[%emt 0:00:21]} 53. c4 {[%emt 0:01:30]} f4 {[%emt 0:00:05]} 54. c5 {[%emt 0:00:25]} Kd5 {[%emt 0:00:11]} 55. Kb4 {[%emt 0:00:32]} e4 {[%emt 0:00:11]} 56. b6 {[%emt 0:00:21]} f3 {[%emt 0:00:20]} 57. b7 {[%emt 0:00:36]} Rb8 {[%emt 0:00:09]} 58. Kc3 {[%emt 0:00:35]} f2 {[%emt 0:00:45]} 59. Rd1+ {[%emt 0:00:13]} 1-0

[Event "26th Abu Dhabi Master 2019"]
[Site "Abu Dhabi"]
[Date "2019.08.04"]
[Round "4.23"]
[White "Sanal, Vahap"]
[Black "Divya Deshmukh"]
[Result "1-0"]
[WhiteElo "2520"]
[BlackElo "2373"]
[Annotator "ChessBase"]
[PlyCount "83"]
[EventDate "2019.08.02"]
[EventType "swiss"]
[EventCountry "UAE"]
[SourceTitle "playchess.com"]
[Source "ChessBase"]
[SourceQuality "1"]
[TimeControl "5400+30"]

1. e4 c5 2. Nc3 Nc6 3. Nge2 Nd4 4. b3 e5 5. Nd5 {[%emt 0:07:11]} g6 {[%emt 0:13:26]} 6. Nec3 {[%emt 0:03:56]} Bg7 {[%emt 0:01:11]} 7. Bc4 {[%emt 0:00:47]} Nf6 {[%emt 0:01:23]} 8. Nxf6+ {[%emt 0:00:50]} Bxf6 {[%emt 0:00:09]} 9. Nd5 {[%emt 0:00:38]} Bg7 {[%emt 0:00:10]} 10. c3 {[%emt 0:00:20]} Nc6 {[%emt 0:03:44]} 11. O-O {[%emt 0:00:37]} O-O {[%emt 0:00:16]} 12. f4 {[%emt 0:10:13]} exf4 {[%emt 0:07:17]} 13. d3 {[%emt 0:04:33]} d6 {[%emt 0:03:36]} 14. Bxf4 {[%emt 0:00:27]} a6 {[%emt 0:00:42]} 15. Qd2 {[%emt 0:01:54]} Kh8 {[%emt 0:03:14]} 16. a4 {[%emt 0:05:53]} Rb8 {[%emt 0:08:47]} 17. b4 {[%emt 0:16:51]} cxb4 {[%emt 0:14:36]} 18. cxb4 {[%emt 0:01:01]} b5 {[%emt 0:03:29]} 19. axb5 {[%emt 0:00:16]} axb5 {[%emt 0:00:05]} 20. Ba2 {[%emt 0:00:10]} f5 {[%emt 0:05:17]} 21. Rac1 {[%emt 0:01:23]} Bb7 {[%emt 0:05:48]} 22. Bg5 {[%emt 0:14:06]} Qd7 {[%emt 0:00:30]} 23. Nf4 {[%emt 0:00:30]} Nd4 24. Qe1 Be5 {[%emt 0:07:17]} 25. Bh6 {[%emt 0:01:00]} Rfe8 {[%emt 0:06:20]} 26. Qh4 {[%emt 0:01:42]} d5 {[%emt 0:00:01]} 27. exd5 {[%emt 0:02:06]} Ra8 {[%emt 0:00:20]} 28. Rf2 {[%emt 0:08:30]} Qd6 {[%emt 0:07:52]} 29. h3 {[%emt 0:04:45]} Ra3 {[%emt 0:01:39]} 30. Bg5 {[%emt 0:02:09]} Qb6 {[%emt 0:04:10]} 31. Kh1 {[%emt 0:01:19]} Bg7 {[%emt 0:01:07]} 32. d6 {[%emt 0:02:25]} Qxd6 {[%emt 0:02:09]} 33. Bf7 {[%emt 0:00:28]} Re6 {[%emt 0:00:21]} 34. Bxe6 {[%emt 0:00:55]} Nxe6 {[%emt 0:00:04]} 35. Nxg6+ {[%emt 0:00:06]} Kg8 {[%emt 0:00:03]} 36. Ne7+ {[%emt 0:00:11]} Kh8 {[%emt 0:00:03]} 37. Nxf5 {[%emt 0:00:23]} Qxd3 {[%emt 0:00:04]} 38. Nxg7 {[%emt 0:00:36]} Qxh3+ {[%emt 0:03:04]} 39. Qxh3 {[%emt 0:00:06]} Rxh3+ {[%emt 0:00:02]} 40. Kg1 {[%emt 0:00:09]} Nxg5 {[%emt 0:00:02]} 41. gxh3 {[%emt 0:00:17]} Nxh3+ {[%emt 0:00:02]} 42. Kf1 {[%emt 0:00:07]} 1-0

[Event "26th Abu Dhabi Master 2019"]
[Site "Abu Dhabi"]
[Date "2019.08.04"]
[Round "4.24"]
[White "Viani Antonio Dcunha"]
[Black "Xu, Yi"]
[Result "0-1"]
[WhiteElo "2371"]
[BlackElo "2524"]
[Annotator "ChessBase"]
[PlyCount "94"]
[EventDate "2019.08.02"]
[EventType "swiss"]
[EventCountry "UAE"]
[SourceTitle "playchess.com"]
[Source "ChessBase"]
[SourceQuality "1"]
[TimeControl "5400+30"]

1. e4 c5 2. Nf3 Nc6 3. d4 cxd4 4. Nxd4 e6 {[%emt 0:02:14]} 5. Nc3 {[%emt 0:01:12]} Nf6 {[%emt 0:02:19]} 6. Nxc6 {[%emt 0:01:35]} bxc6 {[%emt 0:00:05]} 7. e5 {[%emt 0:00:55]} Nd5 {[%emt 0:00:05]} 8. Ne4 {[%emt 0:00:21]} Qc7 {[%emt 0:00:11]} 9. f4 {[%emt 0:00:28]} Qb6 {[%emt 0:00:10]} 10. c4 {[%emt 0:01:05]} Bb4+ {[%emt 0:00:26]} 11. Ke2 {[%emt 0:00:46]} f5 {[%emt 0:00:16]} 12. Nf2 {[%emt 0:03:11]} Ba6 {[%emt 0:00:50]} 13. Kf3 {[%emt 0:00:36]} Ne7 {[%emt 0:01:01]} 14. Be3 {[%emt 0:13:36]} Bc5 {[%emt 0:00:24]} 15. Bxc5 {[%emt 0:02:04]} Qxc5 {[%emt 0:00:06]} 16. Qd6 {[%emt 0:01:23]} Qb6 {[%emt 0:03:54]} 17. b3 {[%emt 0:06:43]} c5 {[%emt 0:07:05]} 18. Rd1 {[%emt 0:03:27]} Rd8 {[%emt 0:01:14]} 19. Nd3 {[%emt 0:09:14]} Rc8 {[%emt 0:01:41]} 20. Nb2 {[%emt 0:08:00]} Bb7+ {[%emt 0:05:35]} 21. Kf2 {[%emt 0:10:01]} Bc6 {[%emt 0:01:03]} 22. Be2 {[%emt 0:01:17]} Qa5 {[%emt 0:17:10]} 23. Na4 {[%emt 0:01:11]} Bxa4 {[%emt 0:04:28]} 24. bxa4 {[%emt 0:00:07]} Qxa4 {[%emt 0:01:59]} 25. Rd2 {[%emt 0:01:45]} Qc6 {[%emt 0:22:31]} 26. Rb1 {[%emt 0:00:30]} Qxd6 27. Rxd6 Rc7 28. Rb5 {[%emt 0:15:27]} Nc8 {[%emt 0:01:30]} 29. Ra6 {[%emt 0:00:29]} Ke7 {[%emt 0:01:06]} 30. Ke3 {[%emt 0:04:40]} Rd8 {[%emt 0:02:06]} 31. g4 {[%emt 0:03:15]} d6 {[%emt 0:07:35]} 32. gxf5 {[%emt 0:02:54]} exf5 {[%emt 0:00:12]} 33. Rb1 {[%emt 0:01:57]} Nb6 {[%emt 0:01:15]} 34. Rg1 {[%emt 0:03:50]} g6 {[%emt 0:00:18]} 35. h4 {[%emt 0:00:26]} dxe5 {[%emt 0:03:53]} 36. fxe5 {[%emt 0:00:05]} Kf7 {[%emt 0:01:50]} 37. a4 {[%emt 0:01:52]} Re8 {[%emt 0:02:26]} 38. Kf4 {[%emt 0:01:08]} Nd7 {[%emt 0:00:12]} 39. Bf3 {[%emt 0:01:05]} Nxe5 {[%emt 0:00:21]} 40. Bd5+ {[%emt 0:00:24]} Kg7 {[%emt 0:00:17]} 41. h5 {[%emt 0:00:35]} Nd3+ {[%emt 0:02:27]} 42. Kf3 {[%emt 0:00:06]} Rce7 {[%emt 0:00:13]} 43. hxg6 {[%emt 0:02:12]} Re3+ {[%emt 0:00:21]} 44. Kg2 {[%emt 0:00:07]} Nf4+ {[%emt 0:01:58]} 45. Kf2 {[%emt 0:00:09]} Nh3+ {[%emt 0:00:33]} 46. Kg2 {[%emt 0:00:07]} Nxg1 {[%emt 0:00:37]} 47. Rxa7+ {[%emt 0:00:50]} R3e7 {[%emt 0:00:35]} 0-1

[Event "26th Abu Dhabi Master 2019"]
[Site "Abu Dhabi"]
[Date "2019.08.04"]
[Round "4.25"]
[White "Rathanvel, V S"]
[Black "Iniyan, P."]
[Result "0-1"]
[WhiteElo "2367"]
[BlackElo "2524"]
[Annotator "ChessBase"]
[PlyCount "48"]
[EventDate "2019.08.02"]
[EventType "swiss"]
[EventCountry "UAE"]
[SourceTitle "playchess.com"]
[Source "ChessBase"]
[SourceQuality "1"]
[TimeControl "5400+30"]

1. e4 {[%emt 0:00:00]} c5 {[%emt 0:00:00]} 2. Nf3 {[%emt 0:00:00]} e6 {[%emt 0:00:07]} 3. d4 {[%emt 0:00:06]} cxd4 {[%emt 0:00:07]} 4. Nxd4 {[%emt 0:00:09]} a6 {[%emt 0:00:06]} 5. c4 {[%emt 0:00:37]} Nf6 {[%emt 0:00:10]} 6. Nc3 {[%emt 0:00:05]} Qc7 {[%emt 0:00:06]} 7. Be2 {[%emt 0:00:25]} b6 {[%emt 0:00:35]} 8. O-O {[%emt 0:00:25]} Bb7 {[%emt 0:00:21]} 9. Qd3 {[%emt 0:00:30]} d6 {[%emt 0:01:08]} 10. f4 {[%emt 0:00:39]} Nbd7 {[%emt 0:00:14]} 11. b4 {[%emt 0:00:07]} Rc8 {[%emt 0:10:00]} 12. Bd2 {[%emt 0:00:24]} Be7 {[%emt 0:01:40]} 13. Rac1 {[%emt 0:01:39]} h6 {[%emt 0:05:26]} 14. f5 {[%emt 0:19:35]} e5 {[%emt 0:06:13]} 15. Nd5 {[%emt 0:08:38]} Qb8 {[%emt 0:01:45]} 16. Nc2 {[%emt 0:13:06]} Nxd5 {[%emt 0:11:36]} 17. cxd5 {[%emt 0:00:33]} Bg5 {[%emt 0:00:42]} 18. Ne3 {[%emt 0:04:47]} Rxc1 {[%emt 0:03:18]} 19. Rxc1 {[%emt 0:03:18]} O-O {[%emt 0:00:41]} 20. g3 {[%emt 0:12:54]} Rc8 {[%emt 0:05:37]} 21. Rxc8+ {[%emt 0:01:02]} Qxc8 {[%emt 0:00:09]} 22. h4 {[%emt 0:01:32]} Bxe3+ {[%emt 0:03:36]} 23. Bxe3 {[%emt 0:00:32]} Qd8 {[%emt 0:00:10]} 24. Bf2 {[%emt 0:02:18]} Qc7 {[%emt 0:00:12]} 0-1

[Event "26th Abu Dhabi Master 2019"]
[Site "Abu Dhabi"]
[Date "2019.08.04"]
[Round "4.26"]
[White "Bajarani, Ulvi"]
[Black "Pranav, V."]
[Result "1/2-1/2"]
[WhiteElo "2485"]
[BlackElo "2316"]
[Annotator "ChessBase"]
[PlyCount "74"]
[EventDate "2019.08.02"]
[EventType "swiss"]
[EventCountry "UAE"]
[SourceTitle "playchess.com"]
[Source "ChessBase"]
[SourceQuality "1"]
[TimeControl "5400+30"]

1. d4 {[%emt 0:00:00]} Nf6 {[%emt 0:00:03]} 2. c4 {[%emt 0:00:00]} e6 {[%emt 0:00:25]} 3. Nc3 {[%emt 0:00:00]} Bb4 {[%emt 0:00:21]} 4. e3 {[%emt 0:00:00]} O-O {[%emt 0:00:33]} 5. Bd3 {[%emt 0:00:00]} d5 {[%emt 0:00:38]} 6. Nf3 {[%emt 0:00:04]} b6 {[%emt 0:00:27]} 7. cxd5 {[%emt 0:00:12]} exd5 {[%emt 0:00:09]} 8. O-O {[%emt 0:00:07]} Bb7 {[%emt 0:00:25]} 9. Bd2 {[%emt 0:00:48]} Re8 {[%emt 0:02:48]} 10. Ne5 {[%emt 0:00:25]} Bd6 {[%emt 0:00:46]} 11. f4 {[%emt 0:00:15]} c5 {[%emt 0:04:46]} 12. Bb5 {[%emt 0:11:27]} Re6 {[%emt 0:07:08]} 13. Be1 {[%emt 0:07:40]} a6 {[%emt 0:08:09]} 14. Ba4 {[%emt 0:05:05]} Be7 {[%emt 0:21:33]} 15. Bg3 {[%emt 0:05:17]} cxd4 {[%emt 0:03:16]} 16. exd4 {[%emt 0:00:13]} b5 {[%emt 0:00:27]} 17. f5 {[%emt 0:02:41]} Rb6 {[%emt 0:00:28]} 18. Bb3 {[%emt 0:02:09]} Nc6 {[%emt 0:00:49]} 19. Nxc6 {[%emt 0:00:23]} Bxc6 {[%emt 0:00:50]} 20. Rc1 {[%emt 0:01:16]} Qd7 {[%emt 0:05:14]} 21. Be5 {[%emt 0:01:04]} a5 {[%emt 0:02:29]} 22. Bc2 {[%emt 0:06:13]} h6 {[%emt 0:02:59]} 23. h3 {[%emt 0:02:08]} a4 {[%emt 0:01:51]} 24. Bd3 {[%emt 0:02:49]} Re8 {[%emt 0:03:24]} 25. b3 {[%emt 0:03:51]} Bd8 {[%emt 0:04:17]} 26. b4 {[%emt 0:01:43]} a3 {[%emt 0:07:18]} 27. Nb1 {[%emt 0:16:27]} Qa7 28. Nxa3 {[%emt 0:00:30]} Ra6 {[%emt 0:01:00]} 29. Rc3 {[%emt 0:01:07]} Ne4 {[%emt 0:00:38]} 30. Bxe4 {[%emt 0:00:08]} dxe4 {[%emt 0:00:01]} 31. f6 {[%emt 0:01:18]} e3 {[%emt 0:00:48]} 32. Rxe3 {[%emt 0:00:14]} Bxf6 {[%emt 0:00:14]} 33. Rxf6 {[%emt 0:03:41]} gxf6 {[%emt 0:01:40]} 34. Rg3+ {[%emt 0:00:18]} Kf8 {[%emt 0:00:01]} 35. Bf4 {[%emt 0:01:25]} Re4 {[%emt 0:00:33]} 36. Bxh6+ {[%emt 0:01:34]} Ke7 {[%emt 0:00:19] d5 Bxd5+} 37. Nxb5 {[%emt 0:05:55] Bc6+ Nc3 Rxb4+} Re3 {[%emt 0:02:11] Kd7 Rd3+ Ke6+ Bc1 f5+} 1/2-1/2